01180nam a2200193Ia 4500001001100000003001000011008004100021040002500062041001300087100002200100245010300122250001100225260007600236300001200312500026000324501011400584520026000698650002800958L371-48351IT-CnALBA170116s9999||||xx |||||||||||||| ||und|| aIT-CnALBAcIT-CnALBA aITALIANO aLAZARUS A. ARNOLD 0aIL TUO STRIZZACERVELLI PORTATILE. 116 PILLOLE DI SAGGEZZA PRONTA ALL'USO PER NON USCIRE DI TESTA.  a1a ed. a VERONAbPOSITIVE PRESS c1998 [1° Ed.:1997 - Ed.Ling.Originale: 1997] a207 p.  aSTIMATO SPICOTERAPEUTA IN AMERICA. STRATEGIA PER LA SALUTE MENTALE. PENARSI SANI. ORGANIZZAZIONE. COSTRUZIONE RELAZIONE RIUSCITA. COMUNICAZIONE IN MODO EFFICACE. GESTIONE DI STRSS E ANSIA. AFFRONTARE DEPRESSIONE RABBIA SBALZID'UMORE. CONTROLLO DEL PESO. D aSocietà San Paolo EM - Piazza San Paolo, 14 - 12051 ALBA (CN) (non commercial uses only) ® Copyright 2017 aSTIMATO SPICOTERAPEUTA IN AMERICA. STRATEGIA PER LA SALUTE MENTALE. PENARSI SANI. ORGANIZZAZIONE. COSTRUZIONE RELAZIONE RIUSCITA. COMUNICAZIONE IN MODO EFFICACE. GESTIONE DI STRSS E ANSIA. AFFRONTARE DEPRESSIONE RABBIA SBALZID'UMORE. CONTROLLO DEL PESO. D aISTRUZIONE - EDUCAZIONE